000 00724nas a2200241 4500
001 BR9902978
003 BR-BrBNA
005 20231205101443.0
007 ta
008 230509b bl.|||p| |||| 00| 00por d
040 _aBR-BrBNA
_bpor
_cBiblioteca Nacional de Agricultura
041 _a(Pt)
072 _aK10
100 1 _aMaeda, J.M.
100 1 _aMoraes, M.
245 1 _aO comportamento de diferentes especies florestais/frutiferas em relacao a presenca do fogo
650 _aEssencia Florestal
650 _aDesmatamento
650 _aFogo
773 0 _tFloresta e Ambiente (Brazil)
_xISSN 1415-0980
_g(1994), (no. 1) p. 162-164
_wBR9902978
909 _a202311
_bLúcia
_c55
_dLúcia Elande
942 _2AGRIS
_n0
_cANA
999 _c161954
_d161954